कैलास-मानसरोवर (Record no. 62239)
[ view plain ]
| 000 -LEADER | |
|---|---|
| fixed length control field | 00906 a2200229 4500 |
| 003 - CONTROL NUMBER IDENTIFIER | |
| control field | dpl |
| 005 - DATE AND TIME OF LATEST TRANSACTION | |
| control field | 20120208110511.0 |
| 008 - FIXED-LENGTH DATA ELEMENTS--GENERAL INFORMATION | |
| fixed length control field | 080911t xxu||||| |||| 00| 0 hin d |
| 010 ## - LIBRARY OF CONGRESS CONTROL NUMBER | |
| LC control number | HIN-80520 |
| 020 ## - INTERNATIONAL STANDARD BOOK NUMBER | |
| Terms of availability | 250.00 |
| International Standard Book Number | |
| 035 ## - SYSTEM CONTROL NUMBER | |
| System control number | B-233232 |
| 037 ## - SOURCE OF ACQUISITION | |
| Source of stock number/acquisition | D.B.Act / pub |
| 040 ## - CATALOGING SOURCE | |
| Original cataloging agency | dpl |
| Transcribing agency | dpl |
| 082 ## - DEWEY DECIMAL CLASSIFICATION NUMBER | |
| Classification number | 230.91 |
| 100 ## - MAIN ENTRY--PERSONAL NAME | |
| Personal name | नौटियाल, शिवानन्द |
| 9 (RLIN) | 41158 |
| 245 ## - TITLE STATEMENT | |
| Title | कैलास-मानसरोवर |
| Statement of responsibility, etc | शिवानन्द नौटियाल |
| 246 ## - VARYING FORM OF TITLE | |
| Title proper/short title | Kailsah-Mansarovar |
| Remainder of title | by Shivanand Nautiyal |
| 260 ## - PUBLICATION, DISTRIBUTION, ETC. (IMPRINT) | |
| Place of publication, distribution, etc | दिल्ली |
| Name of publisher, distributor, etc | अक्षरम् |
| Date of publication, distribution, etc | 2007 |
| 270 ## - ADDRESS | |
| Address | 50, मेधा अपार्टमेंट्स, मयूर विहार-1 |
| City | दिल्ली |
| Postal code | 110091 |
| 300 ## - PHYSICAL DESCRIPTION | |
| Extent | 224पृ |
| Dimensions | 22सेमी (सजिल्द) |
| 942 ## - ADDED ENTRY ELEMENTS (KOHA) | |
| Institution code [OBSOLETE] | dpl |
| Koha item type | Hindi Books |
| Call number prefix | 230.91 / नौटिया |
| Source of classification or shelving scheme | Dewey Decimal Classification |
| Classification part | 230.91 |
| Call number suffix | नौटिया |
No items available.
